000 01028nam a22002537a 4500
005 20170123164141.0
010 _aB-109484
020 _c75.00
035 _aB-109484
040 _aDPL
_bPN
082 _a851
_bਖਾਲਿਦ
100 _aਜਾਨ, ਖਾਲਿਦ ਜਾਵੇਦ
_96009
245 _aਬਾਗੀ ਦੀ ਸੱਦ /
_cਖਾਲਿਦ ਜਾਵੇਦ ਜਾਨ ; ਲਿਪੀਅੰਤਰਨ ਜਗਬੀਰ ਸਿੰਘ
246 _aBaggi de sad
_bby Khalid javed jaan ; translated by Jagbeer singh
260 _aਚੰਡੀਗੜ
_bਯੂਨੀ ਸਟਾਰ ਬੁਕਸ
270 _aਅੌਸ.ਸੀ. ਓ. 26-27, ਸੌਕਟਰ 34 ਏ,
_bਚੰਡੀਗੜ
_e160034
300 _a80p.
_b22cm(Hb)
650 _aਪੰਜਾਬੀ ਕਵਿਤਾ
_9779
650 _aਪੰਜਾਬੀ ਸਾਹਿਤ
_9779
650 _aPunjabi Poetry
_915514
650 _aPunjabi Literature
_9781
700 _aਜਗਬੀਰ ਸਿੰਘ
_92125
942 _2ddc
_cPN
_h851
_mਖਾਲਿਦ
999 _c109653
_d109653